| 000 | 00000nam 2200000zi 4500 |
| 001 | 9.933036 |
| 003 | CaOODSP |
| 005 | 20250220102627 |
| 006 | m o d f |
| 007 | cr mn||||||||| |
| 008 | 240129t20242024quca o f000 0 eng d |
| 020 | |a9780660698564 |
| 040 | |aCaOODSP|beng|erda|cCaOODSP |
| 043 | |an-cn--- |
| 086 | 1 |aEn4-425/2024E-PDF |
| 245 | 00|aQuantification guidance for the Output-Based Pricing System Regulations. |
| 250 | |a[February 2024 edition]. |
| 264 | 1|aGatineau Quebec : |bEnvironment and Climate Change Canada = Environnement et changement climatique Canada, |cFebruary 2024. |
| 264 | 4|c©2024 |
| 300 | |a1 online resource (vii, 67 pages) : |billustrations |
| 336 | |atext|btxt|2rdacontent |
| 337 | |acomputer|bc|2rdamedia |
| 338 | |aonline resource|bcr|2rdacarrier |
| 500 | |aCover title. |
| 500 | |aIssued also in French under title: Guide de quantification pour le Règlement sur le système de tarification fondé sur le rendement. |
| 520 | |a"This document is intended to provide guidance on the quantification requirements of GHGs and production, including emissions limits and calculated output-based standards (OBS), for covered facilities under the Regulations. All references made in this document are regarding the Regulations unless otherwise specified"--Purpose, page 1. |
| 650 | 0|aCarbon taxes|xLaw and legislation|zCanada. |
| 650 | 0|aCarbon offsetting|xLaw and legislation|zCanada. |
| 650 | 0|aGreenhouse gas mitigation|xLaw and legislation|zCanada. |
| 710 | 1 |aCanada. |bEnvironment and Climate Change Canada, |eissuing body. |
| 775 | 08|tGuide de quantification pour le Règlement sur le système de tarification fondé sur le rendement.|w(CaOODSP)9.933038 |
| 794 | |tQuantification guidance for the Output-Based Pricing System Regulations.|b(February 2025)|w(CaOODSP)9.948143 |
| 795 | |tQuantification guidance for the Output-Based Pricing System Regulations.|b(February 2023)|w(CaOODSP)9.920238 |
| 856 | 40|qPDF|s4.25 MB|uhttps://publications.gc.ca/collections/collection_2024/eccc/en4/En4-425-2024-eng.pdf |
| 986 | |aEC23040 |